<?xml version="1.0" encoding="UTF-8"?>
<record
    xmlns:xsi="http://www.w3.org/2001/XMLSchema-instance"
    xsi:schemaLocation="http://www.loc.gov/MARC21/slim http://www.loc.gov/standards/marcxml/schema/MARC21slim.xsd"
    xmlns="http://www.loc.gov/MARC21/slim">

  <leader>00642nam a22002057a 4500</leader>
  <controlfield tag="003">OSt</controlfield>
  <controlfield tag="005">20180410142313.0</controlfield>
  <controlfield tag="008">180410s2017    sp a   | |||| 001   spa d</controlfield>
  <datafield tag="017" ind1=" " ind2=" ">
    <subfield code="a">M 25260-2017</subfield>
    <subfield code="b">Oficina Dep&#xF3;sito Legal Madrid</subfield>
  </datafield>
  <datafield tag="020" ind1=" " ind2=" ">
    <subfield code="a">9788441539631</subfield>
  </datafield>
  <datafield tag="040" ind1=" " ind2=" ">
    <subfield code="a">SpMaBN</subfield>
    <subfield code="b">cat</subfield>
    <subfield code="c">CDMR</subfield>
  </datafield>
  <datafield tag="100" ind1="1" ind2=" ">
    <subfield code="a">Rodr&#xED;guez Fern&#xE1;ndez, &#xD3;scar</subfield>
  </datafield>
  <datafield tag="245" ind1="1" ind2="0">
    <subfield code="a">Curso de community manager</subfield>
    <subfield code="b">: edici&#xF3;n 2018 /</subfield>
    <subfield code="c">&#xD3;scar Rodr&#xED;guez Fern&#xE1;ndez</subfield>
  </datafield>
  <datafield tag="260" ind1=" " ind2=" ">
    <subfield code="a">Madrid</subfield>
    <subfield code="b">Anaya Multimedia</subfield>
    <subfield code="c">D.L. 2017</subfield>
  </datafield>
  <datafield tag="300" ind1=" " ind2=" ">
    <subfield code="a">454 p.</subfield>
    <subfield code="b">il., gr&#xE1;f.</subfield>
    <subfield code="c">23 cm</subfield>
  </datafield>
  <datafield tag="500" ind1=" " ind2=" ">
    <subfield code="a">&#xCD;ndice</subfield>
  </datafield>
  <datafield tag="650" ind1="0" ind2="4">
    <subfield code="a">Xarxes socials en l&#xED;nia</subfield>
    <subfield code="9">3128</subfield>
  </datafield>
  <datafield tag="650" ind1=" " ind2="4">
    <subfield code="a">M&#xE0;rqueting digital</subfield>
    <subfield code="9">4161</subfield>
  </datafield>
  <datafield tag="942" ind1=" " ind2=" ">
    <subfield code="c">MON</subfield>
  </datafield>
  <datafield tag="999" ind1=" " ind2=" ">
    <subfield code="c">7118</subfield>
    <subfield code="d">7118</subfield>
  </datafield>
  <datafield tag="952" ind1=" " ind2=" ">
    <subfield code="0">0</subfield>
    <subfield code="1">0</subfield>
    <subfield code="4">0</subfield>
    <subfield code="7">0</subfield>
    <subfield code="a">CDMR</subfield>
    <subfield code="b">CDMR</subfield>
    <subfield code="d">2018-04-10</subfield>
    <subfield code="e">Intercanvi</subfield>
    <subfield code="g">28.00</subfield>
    <subfield code="l">13</subfield>
    <subfield code="m">13</subfield>
    <subfield code="o">Cq /36 (duplicat Cq /22)</subfield>
    <subfield code="p">CDMR18040004</subfield>
    <subfield code="r">2020-02-24</subfield>
    <subfield code="s">2019-12-05</subfield>
    <subfield code="v">28.00</subfield>
    <subfield code="w">2018-04-10</subfield>
    <subfield code="y">MON</subfield>
  </datafield>
  <datafield tag="952" ind1=" " ind2=" ">
    <subfield code="0">0</subfield>
    <subfield code="1">0</subfield>
    <subfield code="4">0</subfield>
    <subfield code="7">0</subfield>
    <subfield code="a">CDMR</subfield>
    <subfield code="b">CDMR</subfield>
    <subfield code="d">2018-10-30</subfield>
    <subfield code="e">Intercanvi</subfield>
    <subfield code="g">28.00</subfield>
    <subfield code="l">7</subfield>
    <subfield code="m">5</subfield>
    <subfield code="o">Cq /22</subfield>
    <subfield code="p">CDMR18100014</subfield>
    <subfield code="r">2020-12-03</subfield>
    <subfield code="s">2020-10-20</subfield>
    <subfield code="v">28.00</subfield>
    <subfield code="w">2018-10-30</subfield>
    <subfield code="y">MON</subfield>
  </datafield>
</record>
